LEADER 00936nam0-2200337---450- 001 990009915900403321 005 20141112121416.0 010 $a978-0-7524-1966-4 035 $a000991590 035 $aFED01000991590 035 $a(Aleph)000991590FED01 035 $a000991590 100 $a20141112d2002----km-y0itay50------ba 101 0 $aeng 102 $aGB 105 $aa-------001yy 200 1 $a<>archaeology of mills & milling$fMartin Watts 210 $aStroud (Gloucestershire)$cTempus$d2002 215 $a160 p.,[16] c. di tav.$cill.$d25 cm 610 0 $aMulini$aStoria 610 0 $aArcheologia industriale 676 $a725.4 676 $a664.72 700 1$aWatts,$bMartin$0329977 801 0$aIT$bUNINA$gRICA$2UNIMARC 901 $aBK 912 $a990009915900403321 952 $a725.4 WAT 1$b47153 bibl.$fFLFBC 959 $aFLFBC 996 $aArchaeology of Mills & Milling$9145834 997 $aUNINA LEADER 01228nam 2200325Ia 450 001 996394037303316 005 20200824132724.0 035 $a(CKB)4940000000117159 035 $a(EEBO)2264184973 035 $a(OCoLC)ocm12743363e 035 $a(OCoLC)12743363 035 $a(EXLCZ)994940000000117159 100 $a19851031d1646 uy | 101 0 $aeng 135 $aurbn||||a|bb| 200 12$aA just and necessary apology against an unjust invective published by Mr. Henry Burton in a late book of his entituled, Truth still truth, though shut out of doors$b[electronic resource] /$fby Edmund Calamy .. 210 $aLondon $cPrinted for Christopher Meredith ...$d1646 215 $a12 p 300 $aReproduction of original in Union Theological Seminary Library, New York. 300 $aMarginal notes. 330 $aeebo-0160 700 $aCalamy$b Edmund$f1600-1666.$01002065 801 0$bEAA 801 1$bEAA 801 2$bm/c 801 2$bWaOLN 906 $aBOOK 912 $a996394037303316 996 $aA just and necessary apology against an unjust invective published by Mr. Henry Burton in a late book of his entituled, Truth still truth, though shut out of doors$92361622 997 $aUNISA